Human resource development / (Record no. 2915)

000 -LEADER
fixed length control field 00672nam a2200253 a 4500
006 - FIXED-LENGTH DATA ELEMENTS--ADDITIONAL MATERIAL CHARACTERISTICS--GENERAL INFORMATION
fixed length control field a||||gr|||| 001 0
007 - PHYSICAL DESCRIPTION FIXED FIELD--GENERAL INFORMATION
fixed length control field ta
008 - FIXED-LENGTH DATA ELEMENTS--GENERAL INFORMATION
fixed length control field 240325t2014 xxka gr 001 0 eng|d
020 ## - INTERNATIONAL STANDARD BOOK NUMBER
International Standard Book Number 9781446256626 (pbk)
Terms of availability £ 51.00
040 ## - CATALOGING SOURCE
Original cataloging agency IMU Kochi Library
Language of cataloging eng
041 0# - LANGUAGE CODE
Language code of text/sound track or separate title eng
044 ## - COUNTRY OF PUBLISHING/PRODUCING ENTITY CODE
MARC country code United Kingdom
082 04 - DEWEY DECIMAL CLASSIFICATION NUMBER
Classification number 658.3124
Item number M1795
Edition number 23
100 1# - MAIN ENTRY--PERSONAL NAME
Personal name McGuire, David
245 10 - TITLE STATEMENT
Title Human resource development /
250 ## - EDITION STATEMENT
Edition statement 2nd ed.
260 ## - PUBLICATION, DISTRIBUTION, ETC. (IMPRINT)
Place of publication, distribution, etc London :
Name of publisher, distributor, etc Sage Publications Ltd,
Date of publication, distribution, etc 2014
300 ## - PHYSICAL DESCRIPTION
Extent xxiii, 326 pages :
Other physical details ill. ;
Dimensions 23 cm
650 #0 - SUBJECT ADDED ENTRY--TOPICAL TERM
Topical term or geographic name as entry element Manpower planning
Form subdivision Textbooks
650 #0 - SUBJECT ADDED ENTRY--TOPICAL TERM
Topical term or geographic name as entry element Personnel management
Form subdivision Textbooks
852 ## - LOCATION/CALL NUMBER
Location IMU Kochi Library
904 ## - LOCAL DATA ELEMENT D, LDD (RLIN)
CATALOGER Akhil Bose
942 ## - ADDED ENTRY ELEMENTS (KOHA)
Item type Books
Holdings
Withdrawn status Lost status Source of classification or shelving scheme Damaged status Not for loan Collection code Permanent location Current location Shelving location Date acquired Source of acquisition Cost, normal purchase price Full call number Barcode Date last seen Koha item type
          Management Studies IMU Kochi Library IMU Kochi Library General Stacks 2024-03-25 M/S Technical Bureau India Pvt Ltd. (Inv. No. TB 4449 Dt. 2024-03-22) 5367.24 658.3124 M1795 BK006514 2024-06-26 Books


Copyright © All Rights Reserved by Indian Maritime University, Kochi Campus.
For any Suggestions/Query Contact to library or Email: library.kochi@imu.ac.in Ph:(0484)-2989402
(Web OPAC Designed by Rudra Ranjan. Maintained by IMU Kochi Library)

Powered by Koha